Countries on the Prime Meridian Quiz Stats

 Plays Quiz Updated Nov 5, 2015

Also try: Equator Countries
Challenge
Share
Tweet
Embed
Score 0/8 Timer 02:00
19 Plays Today
% Correct
United Kingdom
96.8%
Spain
85.1%
France
83.3%
Algeria
80.6%
Mali
72.7%
Ghana
63.7%
Burkina Faso
56.8%
Togo
54.6%

You're not logged in!

Compare scores with friends on all Sporcle quizzes.
OR
Log In

You Might Also Like...

Show Comments

Extras

Top Quizzes Today


Score Distribution

Your Account Isn't Verified!

In order to create a playlist on Sporcle, you need to verify the email address you used during registration. Go to your Sporcle Settings to finish the process.

Report this User

Report this user for behavior that violates our Community Guidelines.

Details: